UN HOMBRE DE VERDAD /

I tiakina i:
Ngā taipitopito rārangi puna kōrero
Kaituhi matua: Polevoi, Boris (autor)
Hōputu: Pukapuka
Ngā marau:
Ngā Tūtohu: Tāpirihia he Tūtohu
Kāore He Tūtohu, Me noho koe te mea tuatahi ki te tūtohu i tēnei pūkete!

MARC

LEADER 00000nam^a2200000^a^4500
001 000235868
005 20250521000000.0
009 20260310104826.956
035 |a 054002 
037 |a Acervo Xavier Clavigero 
082 |a 891. 734  |b POL 
100 |a Polevoi, Boris  |e (autor) 
245 1 3 |a UN HOMBRE DE VERDAD /  |c BORIS POLEVOI 
264 |a Beijing, China :  |b Ediciones en Lenguas Extranjeras,  |c 1949 
300 |a 407 p. 
336 |a texto  |b txt  |2 rdacontenido 
337 |a sin mediación  |b n  |2 rdamedio 
338 |a volumen  |b nc  |2 rdasoporte 
649 |a XX 
650 |a NOVELA RUSA -  |x SIGLO XX 
650 |a Literatura Rusa -  |y Siglo XX 
910 |a Fondo General 
920 |a Impresos - Libros 
930 |a Colección General 
940 |a Literatura 
905 |a 101 
901 |a 054002  |b IT1  |c LIT  |i 054002  |u 20250521 
902 |a https://opac.biblio.iteso.mx/vufind/Record/000235868